| 000 | 01340nam0a22002771 4500 | ||
|---|---|---|---|
| 001 | v19\rc\1458555 | ||
| 005 | 20260405170938.0 | ||
| 035 | _a(NLR Aleph) 005226534 | ||
| 090 |
_a5560355 _c5560355 |
||
| 100 | _a20060620e18751875|||y0rusy50 ca | ||
| 101 | 0 | _arus | |
| 102 | _aRU | ||
| 105 | _ay i |||c| | ||
| 200 | 1 |
_aСтаврополь в историко-статистическом, административном; торгово-промышленном и экономическом отношении _eМонографич. очерк И. Бентковского |
|
| 210 |
_d1875 _aБ. м. |
||
| 215 |
_a19 с. _d35 |
||
| 311 | _aОтт. из: Ставропольск. губ. ведомости 1875 г. №№ 43-47. 1876 г. №№ 29-35, 38, 41 | ||
| 488 | 0 |
_12001#$aСтавропольские губернские ведомости$v1875, №№ 43-47; 1876, №№ 29-35, 38, 41 _tСтавропольские губернские ведомости |
|
| 700 | 1 |
_4220 _8rus _7ca _aБентковский _bИ. В. _f1812-1890 _gИосиф Викентьевич _3RU\NLR\AUTH\7772660 _955588 |
|
| 801 | 2 |
_aRU _bNLR _c20090311 _2rusmarc |
|
| 801 | 0 |
_aRU _bNLR _c20060620 _gpsbo |
|
| 801 | 0 |
_aRU _bRuMoRGB _c20060620 _2psbo |
|
| 801 | 1 |
_aRU _bProSoft-M _c20060620 _2rusmarc |
|
| 852 |
_aNLR _j18.207.1.249 |
||
| 942 | _cBOOK | ||
| 980 | _aNB | ||